[Event "2. Bundesliga Ost 2014/2015"]
[Site "1020 Wien, Haus des Schachsports, Marathonweg 14"]
[Date "2015.03.07"]
[Round "10"]
[Board "1"]
[White "Hangweyrer, Manfred"]
[Black "Polak, Thomas"]
[Result "0-1"]
[WhiteElo "2362"]
[BlackElo "2513"]
[PlyCount "60"]
[EventDate "2014.10.18"]
[EventType "team"]
[EventRounds "11"]
[EventCountry "AUT"]
[WhiteTeam "SK Austria"]
[BlackTeam "Zwettl"]

1. Nf3 Nf6 2. g3 b6 3. Bg2 Bb7 4. O-O e6 5. c4 Be7 6. b3 O-O 7. Bb2 d5 8. cxd5
Nxd5 9. Nc3 Nd7 10. d4 a5 11. Rc1 Nxc3 12. Rxc3 Bd6 13. Nd2 Bxg2 14. Kxg2 f5
15. e4 Bb4 16. Rd3 Ne5 17. Re3 Bxd2 18. Qxd2 Ng4 19. Ree1 fxe4 20. Rxe4 Qd5 21.
f3 Rxf3 22. Kxf3 Nf6 23. Qf4 Nxe4 24. Ke3 Nf6 25. Qf3 Rf8 26. Ke2 Qb5+ 27. Qd3
Qh5+ 28. Qf3 Qxh2+ 29. Rf2 Qh5 30. Ba3 Rf7 0-1

[Event "2. Bundesliga Ost 2014/2015"]
[Site "1020 Wien, Haus des Schachsports, Marathonweg 14"]
[Date "2015.03.07"]
[Round "10"]
[Board "2"]
[White "Blatny, Pavel"]
[Black "Theissl-Pokorna, Regina"]
[Result "0-1"]
[WhiteElo "2414"]
[BlackElo "2362"]
[PlyCount "70"]
[EventDate "2014.10.18"]
[EventType "team"]
[EventRounds "11"]
[EventCountry "AUT"]
[WhiteTeam "Zwettl"]
[BlackTeam "SK Austria"]

1. f4 e5 2. fxe5 d6 3. Nf3 dxe5 4. e4 Bc5 5. Bc4 Nf6 6. Qe2 O-O 7. c3 Bg4 8. d3
c6 9. a4 a5 10. Nbd2 Nbd7 11. h3 Be6 12. g4 Ba7 13. Bxe6 fxe6 14. Nc4 Qc7 15.
Be3 b5 16. Ncd2 Nc5 17. Bxc5 Bxc5 18. Qh2 Nd7 19. h4 Rf4 20. g5 Be3 21. Qh3 Qd6
22. g6 Nc5 23. d4 exd4 24. cxd4 Bxd2+ 25. Kxd2 Nb3+ 26. Ke3 Raf8 27. gxh7+ Kh8
28. Raf1 e5 29. Kd3 Nxd4 30. Ng5 Qb4 31. Rc1 Qxb2 32. Qe3 Rf3 33. Nxf3 Rxf3 34.
Qxf3 Nxf3 35. axb5 cxb5 0-1

[Event "2. Bundesliga Ost 2014/2015"]
[Site "1020 Wien, Haus des Schachsports, Marathonweg 14"]
[Date "2015.03.07"]
[Round "10"]
[Board "3"]
[White "Liedl, Wolfgang"]
[Black "Lipp, Alfred"]
[Result "1-0"]
[WhiteElo "2226"]
[BlackElo "2118"]
[PlyCount "109"]
[EventDate "2014.10.18"]
[EventType "team"]
[EventRounds "11"]
[EventCountry "AUT"]
[WhiteTeam "SK Austria"]
[BlackTeam "Zwettl"]

1. d4 d5 2. c4 e6 3. Nc3 Nf6 4. cxd5 exd5 5. Bg5 Be7 6. e3 O-O 7. Bd3 Nbd7 8.
Qc2 c6 9. Nge2 Re8 10. O-O Nf8 11. f3 Be6 12. Nf4 h6 13. Nxe6 Nxe6 14. Bh4 Nh5
15. Bf2 Bd6 16. g4 Nf6 17. Kg2 h5 18. h3 Bc7 19. Rae1 Qd6 20. Rh1 g5 21. Be2 h4
22. Qf5 Kg7 23. f4 gxf4 24. Bxh4 Nd7 25. Ref1 Rh8 26. Bg5 Qb4 27. Rf2 Qxb2 28.
Nd1 Qxa2 29. h4 Rag8 30. Be7 Bd8 31. Bxd8 Rxd8 32. g5 Qa3 33. h5 Qe7 34. h6+
Kg8 35. exf4 Nxd4 36. Qg4 Qe4+ 37. Bf3 Qf5 38. Qh4 Nxf3 39. Rxf3 Re8 40. Ne3
Qe4 41. Qh3 Nc5 42. f5 Kf8 43. g6 fxg6 44. fxg6+ Ke7 45. Qh4+ Qxh4 46. Rxh4 Ne4
47. Rf7+ Ke6 48. Rxb7 Kf6 49. g7 Rh7 50. Rc7 Kg5 51. Rg4+ Kh5 52. Rxc6 Ng5 53.
Nxd5 Rxh6 54. Rh4+ Kxh4 55. Rxh6+ 1-0

[Event "2. Bundesliga Ost 2014/2015"]
[Site "1020 Wien, Haus des Schachsports, Marathonweg 14"]
[Date "2015.03.07"]
[Round "10"]
[Board "4"]
[White "Stadler, Peter"]
[Black "Higatsberger, Michael"]
[Result "1-0"]
[WhiteElo "2136"]
[BlackElo "2137"]
[PlyCount "109"]
[EventDate "2014.10.18"]
[EventType "team"]
[EventRounds "11"]
[EventCountry "AUT"]
[WhiteTeam "Zwettl"]
[BlackTeam "SK Austria"]

1. d4 d5 2. Nf3 Nf6 3. e3 c6 4. Bd3 Bg4 5. Nbd2 Nbd7 6. h3 Bh5 7. g4 Bg6 8. Ne5
e6 9. f4 Nxe5 10. dxe5 Nd7 11. h4 Bxd3 12. cxd3 Nc5 13. Nf3 Qa5+ 14. Ke2 Qa6
15. Qc2 h5 16. g5 g6 17. Rd1 Be7 18. Kf2 O-O 19. Ne1 Rfd8 20. b3 d4 21. e4 Qb6
22. Kg2 a5 23. Ba3 Rd7 24. Bxc5 Qxc5 25. Qxc5 Bxc5 26. a4 Ra6 27. Rdc1 Bb4 28.
Nf3 Bc3 29. Rab1 Rb6 30. Ng1 Bd2 31. Rf1 Rb4 32. Kf3 b5 33. axb5 cxb5 34. Ke2
Be3 35. f5 Rc7 36. fxg6 fxg6 37. Rf6 Kg7 38. Rxe6 Bxg1 39. Rxg1 Rxb3 40. Rd1 a4
41. Rd6 a3 42. e6 Rb2+ 43. Kf3 Kf8 44. Kf4 Ke7 45. Ke5 Rc5+ 46. Rd5 Rbc2 47.
Rf1 a2 48. Rf7+ Ke8 49. Ra7 b4 50. Rxc5 Rxc5+ 51. Kd6 Rc8 52. Rxa2 b3 53. Rb2
Rc3 54. e7 Rc8 55. Rf2 1-0

[Event "2. Bundesliga Ost 2014/2015"]
[Site "1020 Wien, Haus des Schachsports, Marathonweg 14"]
[Date "2015.03.07"]
[Round "10"]
[Board "5"]
[White "Steiner, Johann"]
[Black "Wagner, Stefan"]
[Result "1/2-1/2"]
[WhiteElo "2060"]
[BlackElo "2143"]
[PlyCount "64"]
[EventDate "2014.10.18"]
[EventType "team"]
[EventRounds "11"]
[EventCountry "AUT"]
[WhiteTeam "SK Austria"]
[BlackTeam "Zwettl"]

1. e4 d5 2. exd5 Qxd5 3. Nc3 Qa5 4. d4 Nf6 5. Bd2 c6 6. Nf3 Bf5 7. Bc4 e6 8. a3
Nbd7 9. O-O Qc7 10. b4 Bd6 11. Re1 O-O 12. h3 b5 13. Bf1 a5 14. Nh4 Bg6 15.
Nxg6 hxg6 16. Ne4 Nxe4 17. Rxe4 axb4 18. axb4 Nb6 19. Re3 Rxa1 20. Qxa1 Bh2+
21. Kh1 Bf4 22. Rd3 Bxd2 23. Rxd2 Ra8 24. Qe1 Nd5 25. Rd1 Ra4 26. c3 Qf4 27.
Kg1 Qb8 28. Bd3 Ra3 29. Rc1 Qa7 30. Be4 Qa4 31. Bxd5 cxd5 32. Qe3 Qb3 1/2-1/2

[Event "2. Bundesliga Ost 2014/2015"]
[Site "1020 Wien, Haus des Schachsports, Marathonweg 14"]
[Date "2015.03.07"]
[Round "10"]
[Board "6"]
[White "Allram, Sebastian"]
[Black "Rogetzer, Klaus"]
[Result "1-0"]
[WhiteElo "2004"]
[BlackElo "2111"]
[PlyCount "81"]
[EventDate "2014.10.18"]
[EventType "team"]
[EventRounds "11"]
[EventCountry "AUT"]
[WhiteTeam "Zwettl"]
[BlackTeam "SK Austria"]

1. c4 Nf6 2. Nc3 g6 3. d3 d5 4. cxd5 Nxd5 5. e4 Nxc3 6. bxc3 c5 7. Bb2 Bg7 8.
Be2 Nc6 9. Nf3 O-O 10. O-O Qa5 11. Qc2 Bd7 12. Nd2 Ne5 13. f4 Ng4 14. Nc4 Qc7
15. Bxg4 Bxg4 16. f5 Bh6 17. h3 b5 18. Na3 Be3+ 19. Kh1 Rad8 20. hxg4 gxf5 21.
Qe2 f4 22. Nc2 Rd6 23. g5 Rfd8 24. Nxe3 fxe3 25. d4 Re6 26. Qxe3 cxd4 27. cxd4
Qc2 28. Qc3 Qxc3 29. Bxc3 Rxe4 30. Rae1 Rxe1 31. Rxe1 e6 32. Re5 a6 33. Kh2 Kg7
34. d5 b4 35. Bxb4 exd5 36. Be7 Rd7 37. g4 d4 38. Bf6+ Kg6 39. Re8 h6 40. Rg8+
Kh7 41. Rh8+ 1-0

[Event "2. Bundesliga Ost 2014/2015"]
[Site "1020 Wien, Haus des Schachsports, Marathonweg 14"]
[Date "2015.03.07"]
[Round "10"]
[Board "1"]
[White "Tuncer, Ufuk"]
[Black "Baumegger, Siegfried"]
[Result "0-1"]
[WhiteElo "2322"]
[BlackElo "2465"]
[PlyCount "80"]
[EventDate "2014.10.18"]
[EventType "team"]
[EventRounds "11"]
[EventCountry "AUT"]
[WhiteTeam "SK Advisory Invest Baden"]
[BlackTeam "tschaturanga"]

1. e4 e6 2. d4 d5 3. Nc3 Bb4 4. e5 b6 5. Qg4 Bf8 6. Bb5+ c6 7. Be2 Ba6 8. Nf3
Ne7 9. Bg5 h6 10. Qh3 Qd7 11. O-O c5 12. a4 Bxe2 13. Nxe2 Nbc6 14. Bxe7 Bxe7
15. Rfd1 c4 16. Nd2 Na5 17. f4 g6 18. Kh1 h5 19. Nf3 Nc6 20. Qg3 Kf8 21. Qf2
Kg7 22. Ng3 a6 23. Nf1 b5 24. Ne3 bxa4 25. Rxa4 Nxe5 26. dxe5 Qxa4 27. Nd4 Qe8
28. f5 gxf5 29. Nexf5+ exf5 30. Nxf5+ Kf8 31. e6 Rh7 32. Rf1 f6 33. Qd4 Kg8 34.
Rf3 Rc8 35. Qf4 Kh8 36. Qg3 Rc6 37. Nh4 Rxe6 38. Ng6+ Qxg6 39. Qb8+ Bd8 40.
Qxd8+ Qe8 0-1

[Event "2. Bundesliga Ost 2014/2015"]
[Site "1020 Wien, Haus des Schachsports, Marathonweg 14"]
[Date "2015.03.07"]
[Round "10"]
[Board "2"]
[White "Sadilek, Peter"]
[Black "Sharashenidze, Akaki"]
[Result "1/2-1/2"]
[WhiteElo "2283"]
[BlackElo "2304"]
[PlyCount "66"]
[EventDate "2014.10.18"]
[EventType "team"]
[EventRounds "11"]
[EventCountry "AUT"]
[WhiteTeam "tschaturanga"]
[BlackTeam "SK Advisory Invest Baden"]

1. d4 d5 2. c4 c6 3. Nf3 Nf6 4. Nc3 a6 5. a4 g6 6. e3 Bg7 7. Be2 O-O 8. O-O Be6
9. Qb3 b6 10. Rd1 h6 11. Ne5 Qc7 12. Bd2 Rd8 13. Rac1 Qb7 14. a5 b5 15. cxb5
cxb5 16. Na4 Nfd7 17. Nd3 Bf5 18. Nac5 Nxc5 19. Nxc5 Qc6 20. Bf3 Ra7 21. Nd3
Qd7 22. Nb4 e6 23. Rc3 Rc8 24. Rdc1 Rac7 25. Be2 g5 26. Bd3 Bxd3 27. Nxd3 Rc4
28. Qc2 Qa7 29. b3 Rxc3 30. Bxc3 Nd7 31. Qd2 Qb7 32. h3 Rc6 33. Bb4 Qc8 1/2-1/2

[Event "2. Bundesliga Ost 2014/2015"]
[Site "1020 Wien, Haus des Schachsports, Marathonweg 14"]
[Date "2015.03.07"]
[Round "10"]
[Board "3"]
[White "Herndlbauer, Martin"]
[Black "Wukits, Rene"]
[Result "0-1"]
[WhiteElo "2110"]
[BlackElo "2348"]
[PlyCount "98"]
[EventDate "2014.10.18"]
[EventType "team"]
[EventRounds "11"]
[EventCountry "AUT"]
[WhiteTeam "SK Advisory Invest Baden"]
[BlackTeam "tschaturanga"]

1. d4 Nf6 2. c4 e6 3. Nc3 Bb4 4. e3 O-O 5. Bd3 c5 6. Nf3 d5 7. O-O Nc6 8. cxd5
exd5 9. dxc5 Bxc5 10. h3 Be6 11. b3 a6 12. Bb2 Re8 13. Ne2 Bd6 14. Nf4 Ne4 15.
Rc1 Qd7 16. Bb1 Rad8 17. Qd3 Qe7 18. Rcd1 Qc7 19. Nxe6 fxe6 20. Nd2 Nb4 21. Qe2
Nc3 22. Bxc3 Qxc3 23. Rc1 Qe5 24. f4 Qb2 25. a3 Nc6 26. Qd3 g6 27. b4 Qg7 28.
Nf3 Be7 29. Rc2 Kh8 30. Ba2 Bd6 31. Ne5 h6 32. Nf3 Rf8 33. Rcf2 Bc7 34. Nh4 Ne7
35. g4 g5 36. fxg5 Rxf2 37. Rxf2 hxg5 38. Nf3 e5 39. Qc3 Nc6 40. Nd2 Bb6 41.
Nb3 d4 42. exd4 Nxd4 43. Nc5 Rf8 44. Qe3 Rxf2 45. Qxf2 e4 46. Kg2 Nf3 47. Qe2
Qa1 48. Nxe4 Nh4+ 49. Kh2 Qg1# 0-1

[Event "2. Bundesliga Ost 2014/2015"]
[Site "1020 Wien, Haus des Schachsports, Marathonweg 14"]
[Date "2015.03.07"]
[Round "10"]
[Board "4"]
[White "Kleiser, Gregor"]
[Black "Zojer, Stefan"]
[Result "0-1"]
[WhiteElo "2291"]
[BlackElo "2093"]
[PlyCount "52"]
[EventDate "2014.10.18"]
[EventType "team"]
[EventRounds "11"]
[EventCountry "AUT"]
[WhiteTeam "tschaturanga"]
[BlackTeam "SK Advisory Invest Baden"]

1. d4 Nf6 2. c4 g6 3. Nf3 Bg7 4. Nc3 d6 5. e4 O-O 6. Be2 e5 7. O-O Nc6 8. d5
Ne7 9. Ne1 Nd7 10. Bd2 f5 11. f3 Kh8 12. Rc1 Ng8 13. Nd3 Bh6 14. b4 Ndf6 15. c5
Bxd2 16. Qxd2 f4 17. a4 g5 18. Nf2 h5 19. h3 Nh6 20. cxd6 cxd6 21. Nb5 g4 22.
Nc7 gxh3 23. Nxa8 Rg8 24. Nc7 Rxg2+ 25. Kh1 Qg8 26. Rg1 Qg3 0-1

[Event "2. Bundesliga Ost 2014/2015"]
[Site "1020 Wien, Haus des Schachsports, Marathonweg 14"]
[Date "2015.03.07"]
[Round "10"]
[Board "5"]
[White "Stangler, Peter"]
[Black "Kreindl, Helmut"]
[Result "0-1"]
[WhiteElo "2022"]
[BlackElo "2219"]
[PlyCount "61"]
[EventDate "2014.10.18"]
[EventType "team"]
[EventRounds "11"]
[EventCountry "AUT"]
[WhiteTeam "SK Advisory Invest Baden"]
[BlackTeam "tschaturanga"]

1. d4 d5 2. Nf3 Nf6 3. g3 e6 4. Bg2 Be7 5. O-O O-O 6. c4 c6 7. Qc2 b6 8. b3 Bb7
9. Bb2 Nbd7 10. Nbd2 Rc8 11. Rfd1 Qc7 12. Rac1 Qb8 13. a3 c5 14. e3 cxd4 15.
exd4 Rc7 16. Qb1 Rfc8 17. Rc3 Qa8 18. Rdc1 dxc4 19. bxc4 Ne4 20. Nxe4 Bxe4 21.
Qa2 Bf6 22. Rd1 b5 23. c5 Nxc5 24. Rxc5 Bxf3 25. Bxf3 Qxf3 26. Rdc1 Rxc5 27.
Rxc5 Rxc5 28. dxc5 Qe2 29. c6 Bd4 30. Bxd4 Qxa2 31. c7 0-1

[Event "2. Bundesliga Ost 2014/2015"]
[Site "1020 Wien, Haus des Schachsports, Marathonweg 14"]
[Date "2015.03.07"]
[Round "10"]
[Board "6"]
[White "Leitner, Gerald"]
[Black "Varga, Johannes"]
[Result "1-0"]
[WhiteElo "2210"]
[BlackElo "1788"]
[PlyCount "77"]
[EventDate "2014.10.18"]
[EventType "team"]
[EventRounds "11"]
[EventCountry "AUT"]
[WhiteTeam "tschaturanga"]
[BlackTeam "SK Advisory Invest Baden"]

1. e4 e6 2. d4 d5 3. Nc3 Nf6 4. e5 Nfd7 5. f4 c5 6. Nf3 Nc6 7. Be3 Qb6 8. Na4
Qa5+ 9. c3 cxd4 10. b4 Nxb4 11. cxb4 Bxb4+ 12. Bd2 Bxd2+ 13. Nxd2 b6 14. Rb1
Ba6 15. Bxa6 Qxa6 16. Nf3 Rc8 17. Nxd4 O-O 18. h4 Rc7 19. Rh3 Qa5+ 20. Kf1 a6
21. h5 b5 22. Nb2 Nc5 23. Nb3 Qxa2 24. Nxc5 Rxc5 25. Nd3 Rc2 26. Ra1 Qc4 27.
Rxa6 Rc8 28. Ra1 Qd4 29. h6 g6 30. Qe1 b4 31. Rb1 b3 32. Rxb3 Qa4 33. Rb1 Qa2
34. Ra1 Qc4 35. Rf3 Rc3 36. Rd1 Qb3 37. Kg1 Kf8 38. Kh2 Ra8 39. Nc1 1-0

[Event "2. Bundesliga Ost 2014/2015"]
[Site "1020 Wien, Haus des Schachsports, Marathonweg 14"]
[Date "2015.03.07"]
[Round "10"]
[Board "1"]
[White "Stanec, Nikolaus"]
[Black "Chytilek, Roman"]
[Result "1/2-1/2"]
[WhiteElo "2492"]
[BlackElo "2362"]
[PlyCount "29"]
[EventDate "2014.10.18"]
[EventType "team"]
[EventRounds "11"]
[EventCountry "AUT"]
[WhiteTeam "SC Donaustadt"]
[BlackTeam "SV Stockerau"]

1. Nf3 d5 2. g3 Nc6 3. Bg2 e5 4. d3 Be6 5. Ng5 Bg4 6. c4 Bb4+ 7. Kf1 dxc4 8. h3
Bh5 9. g4 Bg6 10. Qa4 Nge7 11. dxc4 O-O 12. Nc3 h6 13. Nf3 Bc5 14. Qd1 Qe8 15.
Nh4 1/2-1/2

[Event "2. Bundesliga Ost 2014/2015"]
[Site "1020 Wien, Haus des Schachsports, Marathonweg 14"]
[Date "2015.03.07"]
[Round "10"]
[Board "2"]
[White "Groetz, Harald"]
[Black "Pingitzer, Harald"]
[Result "0-1"]
[WhiteElo "2309"]
[BlackElo "2269"]
[PlyCount "128"]
[EventDate "2014.10.18"]
[EventType "team"]
[EventRounds "11"]
[EventCountry "AUT"]
[WhiteTeam "SV Stockerau"]
[BlackTeam "SC Donaustadt"]

1. Nf3 d5 2. b3 Nf6 3. Bb2 g6 4. e3 Bg7 5. c4 c6 6. Be2 O-O 7. O-O b6 8. d3 Bb7
9. Nbd2 Nbd7 10. Rc1 Re8 11. Ne5 Nxe5 12. Bxe5 Nd7 13. Bxg7 Kxg7 14. cxd5 cxd5
15. d4 Nf6 16. Bb5 Rf8 17. Bc6 Bxc6 18. Rxc6 Qd7 19. Qc2 Rfc8 20. Rc1 Rxc6 21.
Qxc6 Qxc6 22. Rxc6 Ne8 23. Nb1 Kf8 24. Nc3 e6 25. a4 Ke7 26. b4 Kd7 27. b5 Nd6
28. Kf1 Rb8 29. Na2 a6 30. Rc2 axb5 31. axb5 Nxb5 32. Rb2 Nd6 33. Ke2 Ra8 34.
Nb4 Nc4 35. Rc2 Ra3 36. Nd3 Kd6 37. Nb2 b5 38. Nd3 f6 39. Nb2 e5 40. dxe5+ fxe5
41. e4 Ke7 42. Nd3 dxe4 43. Nc5 e3 44. f3 Kd6 45. Ne4+ Kc6 46. h4 Ra1 47. Ng5
Rg1 48. Kd3 Rd1+ 49. Ke2 Rd2+ 50. Rxd2 exd2 51. Nxh7 b4 52. Nf6 b3 53. Ne4 b2
54. Nc3 Kc5 55. g4 Kb4 56. Nb1 Kb3 57. Kd1 Ka2 58. Nc3+ Ka1 59. h5 gxh5 60.
gxh5 b1=Q+ 61. Nxb1 Kxb1 62. h6 Kb2 63. h7 Kc3 64. h8=Q Ne3+ 0-1

[Event "2. Bundesliga Ost 2014/2015"]
[Site "1020 Wien, Haus des Schachsports, Marathonweg 14"]
[Date "2015.03.07"]
[Round "10"]
[Board "3"]
[White "Kummer, Helmut"]
[Black "Schmid, Thomas"]
[Result "1-0"]
[WhiteElo "2354"]
[BlackElo "2193"]
[PlyCount "39"]
[EventDate "2014.10.18"]
[EventType "team"]
[EventRounds "11"]
[EventCountry "AUT"]
[WhiteTeam "SC Donaustadt"]
[BlackTeam "SV Stockerau"]

1. d4 Nf6 2. c4 g6 3. Nc3 Bg7 4. e4 d6 5. Bd3 e5 6. d5 O-O 7. h3 Na6 8. g4 Nc5
9. Bc2 a5 10. Nge2 c6 11. Ng3 cxd5 12. cxd5 Bd7 13. a4 Qb6 14. Ra3 Qa6 15. Bg5
Qc4 16. Qf3 b5 17. axb5 Ne8 18. Be7 Qb4 19. O-O Qxb2 20. Ra2 1-0

[Event "2. Bundesliga Ost 2014/2015"]
[Site "1020 Wien, Haus des Schachsports, Marathonweg 14"]
[Date "2015.03.07"]
[Round "10"]
[Board "4"]
[White "Pernerstorfer, Johannes"]
[Black "Hansen, Kay"]
[Result "1-0"]
[WhiteElo "2101"]
[BlackElo "2168"]
[PlyCount "151"]
[EventDate "2014.10.18"]
[EventType "team"]
[EventRounds "11"]
[EventCountry "AUT"]
[WhiteTeam "SV Stockerau"]
[BlackTeam "SC Donaustadt"]

1. e4 c6 2. d4 d5 3. Nc3 b5 4. exd5 b4 5. Ne4 cxd5 6. Ng3 Nf6 7. Nf3 e6 8. Bd3
Bd6 9. Qe2 O-O 10. Bg5 h6 11. Bxf6 Qxf6 12. O-O a5 13. c3 Ba6 14. Rad1 Rc8 15.
Nh5 Qe7 16. cxb4 axb4 17. Rc1 Qb7 18. Ne5 Bxd3 19. Qxd3 Nc6 20. f4 Ne7 21. Rcd1
Nf5 22. Kh1 Qa6 23. Qh3 Rc2 24. g4 Ne7 25. f5 f6 26. Nf3 Qc8 27. Rg1 Rxa2 28.
fxe6 Qxe6 29. Rge1 Qf7 30. Rb1 Qg6 31. g5 hxg5 32. Qe6+ Qf7 33. Qxd6 Qxh5 34.
Qe6+ Kh7 35. Qe3 Ng6 36. Qb3 Rf2 37. Rf1 Rxf1+ 38. Rxf1 Ra7 39. Qxd5 Qh3 40.
Rg1 g4 41. Rg3 Qf1+ 42. Ng1 f5 43. h3 Ra1 44. hxg4 f4 45. Rg2 Nh4 46. Qh5+ Kg8
47. Qxh4 f3 48. Qd8+ Kf7 49. Rg3 Kg6 50. Qe8+ Kh7 51. Qe4+ Kh6 52. Qxf3 Qxf3+
53. Rxf3 Rd1 54. Kg2 Rxd4 55. Kg3 Rd1 56. Nh3 Rd4 57. Nf4 Kh7 58. g5 Rc4 59.
Kg4 g6 60. Rd3 Rc2 61. Kf3 Rc5 62. Nh3 Rc4 63. Nf2 Rc5 64. Ne4 Rb5 65. Ke3 Kg7
66. Kd4 Kf8 67. Rf3+ Ke7 68. Nc5 Rb6 69. Re3+ Kf8 70. Kc4 Rb8 71. Rf3+ Kg8 72.
Rf6 Kh7 73. Rd6 Kg7 74. Rd7+ Kg8 75. Nb7 Re8 76. Rd8 1-0

[Event "2. Bundesliga Ost 2014/2015"]
[Site "1020 Wien, Haus des Schachsports, Marathonweg 14"]
[Date "2015.03.07"]
[Round "10"]
[Board "5"]
[White "Petroczi, Thomas"]
[Black "Gajic, Zoran"]
[Result "1/2-1/2"]
[WhiteElo "2210"]
[BlackElo "2106"]
[PlyCount "62"]
[EventDate "2014.10.18"]
[EventType "team"]
[EventRounds "11"]
[EventCountry "AUT"]
[WhiteTeam "SC Donaustadt"]
[BlackTeam "SV Stockerau"]

1. e4 c5 2. Nf3 Nc6 3. d4 cxd4 4. Nxd4 Nf6 5. Nc3 e5 6. Ndb5 d6 7. Nd5 Nxd5 8.
exd5 Nb8 9. c4 a6 10. Nc3 Be7 11. Be2 O-O 12. O-O f5 13. f4 e4 14. Be3 Nd7 15.
b4 b6 16. Qb3 Kh8 17. Rfd1 Rf6 18. Rac1 Rb8 19. Bf1 Rf8 20. Qc2 Nf6 21. Kh1 Ng4
22. Bg1 Qe8 23. h3 Qh5 24. g3 g5 25. Ne2 Bf6 26. Kg2 Ne3+ 27. Bxe3 Qf3+ 28. Kh2
Qxe3 29. Qd2 gxf4 30. Nxf4 Qxd2+ 31. Rxd2 Be5 1/2-1/2

[Event "2. Bundesliga Ost 2014/2015"]
[Site "1020 Wien, Haus des Schachsports, Marathonweg 14"]
[Date "2015.03.07"]
[Round "10"]
[Board "6"]
[White "Piringer, Florian"]
[Black "Schwab, Rene"]
[Result "1/2-1/2"]
[WhiteElo "2046"]
[BlackElo "2217"]
[PlyCount "55"]
[EventDate "2014.10.18"]
[EventType "team"]
[EventRounds "11"]
[EventCountry "AUT"]
[WhiteTeam "SV Stockerau"]
[BlackTeam "SC Donaustadt"]

1. e4 c6 2. d4 d5 3. e5 Bf5 4. Nf3 Bg4 5. c3 e6 6. Nbd2 Nd7 7. Bd3 c5 8. dxc5
Bxc5 9. Qa4 Bh5 10. Nb3 Bb6 11. Bg5 Ne7 12. O-O-O h6 13. Bh4 g5 14. Bg3 Nc6 15.
h4 g4 16. Nfd4 Nxd4 17. cxd4 Qe7 18. Kb1 O-O-O 19. Na5 Bg6 20. h5 Bxd3+ 21.
Rxd3 Rdf8 22. Bh4 f6 23. Rc1+ Kb8 24. exf6 Qh7 25. Bg3+ Ka8 26. Rcd1 Rxf6 27.
a3 Rc8 28. Ka2 1/2-1/2

[Event "2. Bundesliga Ost 2014/2015"]
[Site "1020 Wien, Haus des Schachsports, Marathonweg 14"]
[Date "2015.03.07"]
[Round "10"]
[Board "1"]
[White "Petran, Peter"]
[Black "Stohl, Igor"]
[Result "1/2-1/2"]
[WhiteElo "2330"]
[BlackElo "2501"]
[PlyCount "120"]
[EventDate "2014.10.18"]
[EventType "team"]
[EventRounds "11"]
[EventCountry "AUT"]
[WhiteTeam "ASVOE Mattersburg"]
[BlackTeam "SG Hietzing/Ottakring"]

1. c4 Nf6 2. g3 c5 3. Bg2 d5 4. cxd5 Nxd5 5. Nc3 Nc7 6. d3 e5 7. Be3 Be7 8. Rc1
Nba6 9. Nf3 f6 10. O-O O-O 11. a3 b6 12. Nd2 Rb8 13. f4 exf4 14. gxf4 f5 15.
Nf3 Bf6 16. Bd2 Kh8 17. Qc2 Ne6 18. e3 Bb7 19. Rcd1 Qe7 20. Qb1 Rbd8 21. Ne2
Nac7 22. Ng3 g6 23. Rfe1 Nd5 24. Qc2 Rc8 25. Ne2 Bg7 26. Nc3 Qd7 27. Nxd5 Qxd5
28. Nh4 Qd7 29. Bc3 Rfe8 30. Bxg7+ Qxg7 31. Bxb7 Qxb7 32. Qg2 Qxg2+ 33. Kxg2
Kg7 34. Nf3 Kf6 35. Kf2 Red8 36. Rd2 h6 37. h4 g5 38. hxg5+ hxg5 39. fxg5+ Nxg5
40. Nxg5 Kxg5 41. Rg1+ Kf6 42. Rh1 Rh8 43. Rxh8 Rxh8 44. Kf3 Rh3+ 45. Kf4 Rh4+
46. Kg3 Rh1 47. Kg2 Rb1 48. Kf3 Ke5 49. Rg2 a5 50. Rh2 a4 51. Rc2 Kd5 52. Rf2
Ke5 53. Rc2 Rf1+ 54. Ke2 Rh1 55. Kf3 Rh3+ 56. Ke2 Kd5 57. Kd2 b5 58. Rc1 Rh2+
59. Kc3 Re2 60. Rf1 Rxe3 1/2-1/2

[Event "2. Bundesliga Ost 2014/2015"]
[Site "1020 Wien, Haus des Schachsports, Marathonweg 14"]
[Date "2015.03.07"]
[Round "10"]
[Board "2"]
[White "Menezes, Christoph"]
[Black "Brod, Manfred"]
[Result "1/2-1/2"]
[WhiteElo "2263"]
[BlackElo "2266"]
[PlyCount "99"]
[EventDate "2014.10.18"]
[EventType "team"]
[EventRounds "11"]
[EventCountry "AUT"]
[WhiteTeam "SG Hietzing/Ottakring"]
[BlackTeam "ASVOE Mattersburg"]

1. d4 Nf6 2. c4 g6 3. Nc3 d5 4. Nf3 Bg7 5. cxd5 Nxd5 6. e4 Nxc3 7. bxc3 c5 8.
Be3 Qa5 9. Qd2 O-O 10. Rc1 cxd4 11. cxd4 Qxd2+ 12. Kxd2 Rd8 13. Kc2 e6 14. h4
Nc6 15. e5 b6 16. h5 Bb7 17. Kb2 Rac8 18. Be2 Nb4 19. Bg5 Rxc1 20. Rxc1 Rc8 21.
Rxc8+ Bxc8 22. h6 Bf8 23. Nd2 Bb7 24. f3 Bd5 25. Ne4 Nc6 26. Nf6+ Kh8 27. Nxd5
exd5 28. Be3 Nd8 29. Bb5 Be7 30. g4 g5 31. f4 gxf4 32. Bxf4 Ne6 33. Be3 Kg8 34.
Bc6 Nc7 35. Kc3 Kf8 36. Bd7 Ne6 37. Kd3 Ba3 38. Bc6 Nc7 39. Bg5 Ne6 40. Be3 Nc7
41. Bg5 Ne6 42. Bf6 Nf4+ 43. Kd2 Bb2 44. Ke3 Bc1+ 45. Kf3 Ne6 46. Bg7+ Nxg7 47.
hxg7+ Kxg7 48. Bxd5 f6 49. e6 Kf8 50. Ke4 1/2-1/2

[Event "2. Bundesliga Ost 2014/2015"]
[Site "1020 Wien, Haus des Schachsports, Marathonweg 14"]
[Date "2015.03.07"]
[Round "10"]
[Board "3"]
[White "Wiedner, Robert"]
[Black "Penz, Harald"]
[Result "0-1"]
[WhiteElo "2183"]
[BlackElo "2321"]
[PlyCount "102"]
[EventDate "2014.10.18"]
[EventType "team"]
[EventRounds "11"]
[EventCountry "AUT"]
[WhiteTeam "ASVOE Mattersburg"]
[BlackTeam "SG Hietzing/Ottakring"]

1. Nf3 d5 2. e3 Nf6 3. b4 e6 4. a3 c5 5. bxc5 Bxc5 6. c4 O-O 7. Bb2 b6 8. cxd5
exd5 9. Be2 Ba6 10. Bxa6 Nxa6 11. O-O Bd6 12. Nc3 Nc5 13. Nb5 Bb8 14. Rb1 a6
15. Nbd4 Qd7 16. Ne2 Qe6 17. Bd4 Nfd7 18. Qc2 f6 19. Nh4 Qg4 20. Nf3 Qe6 21.
Nc3 Ne4 22. a4 Bd6 23. Qa2 Nxc3 24. Bxc3 Rfc8 25. Nd4 Qf7 26. Nf5 Bf8 27. Bd4
g6 28. Ng3 Bc5 29. Ne2 Bxd4 30. Nxd4 Rc5 31. Rb2 Rac8 32. f4 f5 33. Nf3 h6 34.
Qb1 Qe6 35. Qd3 Rc4 36. Nd4 Qd6 37. Ra1 Nc5 38. Qe2 Rxa4 39. Rab1 b5 40. g4 Kh7
41. gxf5 gxf5 42. Nxf5 Qg6+ 43. Ng3 Ne4 44. Kg2 Rg8 45. Qf3 h5 46. d3 Nf6 47.
Kh1 h4 48. f5 Qg5 49. Rg1 Rg4 50. Rbg2 hxg3 51. Rxg3 Qh4 0-1